000 00678nam a2200277Ia 4500
005 20260324132436.0
008 008 260324s9999 xx 000 0 eng d
020 _a9781315808727
037 _aEBOOK
040 _aCRL
040 _beng
040 _cCRL
041 _2eng
041 _aeng
084 _qCRL
100 _aChristie Cozad Neuger; James Newton Poling
_91189289
245 0 _aMen's Work in Preventing Violence Against Women
260 _bTaylor and Francis
260 _c2004
365 _a
365 _b170
856 _uhttp://www.taylorfrancis.com/books/9781315808727
942 _cEBOOK
999 _c1787420
_d1787420